000 01185cam a2200133 4500500
005 20260405051113.0
041 _afre
042 _adc
100 1 0 _aBattistoni-Lemière, Anne
_eauthor
245 0 0 _aTout comprendre à la géopolitique
260 _bArmand Colin,
_c2025.
520 _aComprendre notre monde, changeant et confronté à des défis inédits, impose une approche globale: c’est toute l’ambition de la géopolitique qui fait appel à l’histoire, la géographie, la sociologie, l’économie, la démographie, la science politique.Pour décrypter ce monde complexe, Tout comprendre à la géopolitiquement à la disposition de tous les étudiants suivant un enseignement de géopolitique le langage commun dont ils ont impérativement.12 grands enjeux géopolitiques.48 chapitres pour décoder le fonctionnement du monde contemporain.1200 concepts expliqués et éclairés par des exemples actuels, des repères historiques, statistiques ou bibliographiques, et complétés par les grands débats et enjeux qui leur sont associés.
856 4 1 _uhttps://shs.cairn.info/tout-comprendre-a-la-geopolitique--9782200641306?lang=fr&redirect-ssocas=7080
999 _c2175356
_d2175356